000 00470nam a2200169Ia 4500
003 GCL
008 140319s9999 xx 000 0 eng d
040 _aGCL /
_cGCL
082 0 4 _a672.36
_bB P
100 1 _aBROOKS, CHARLIE,R.
245 1 0 _aPRINCIPLES OF THE AUSTENITIZATION OF STEELS /
_cBROOKS, CHARLIE,R.
260 _a[S.N] :
_bElsevier Applied Science ،
_c1992
300 _a217 P
650 0 4 _aSTEEL - HEAT TREATMENT
650 0 4 _aAUSTENITE
942 _2ddc
_cBK
999 _c16963
_d16963